Canadiens de Montréal 2024-2025 - Statistiques

Statistiques générales
  • Ce quiz a été pris 315 fois
  • Le résultat moyen est 13 sur 24
Statistiques - réponses
Hint Réponse % Correct
A Nick Suzuki
92%
A Cole Caufield
90%
G Jakub Dobes
86%
D Lane Hutson
79%
A Brendan Gallagher
72%
D Mike Matheson
71%
G Samuel Montembeault
71%
D Arber Xhekaj
65%
A Josh Anderson
65%
A Juraj Slafkovsky
63%
D Alexandre Carrier
60%
A Jake Evans
60%
A Patrik Laine
57%
D Jayden Struble
56%
D Kaiden Guhle
54%
D David Savard
53%
A Alex Newhook
48%
A Kirby Dach
46%
A Joel Armia
40%
A Christian Dvorak
35%
A Emil Heineman
27%
A Joshua Roy
21%
A Michael Pezzetta
15%
C Martin Saint-Louis
12%
Aucun quiz correspondant
Distribution des résultats
% des personnes avec chaque résultat
Percentile par nombre de réponses
Votre historique - résultats
Vous n’avez pas pris ce quiz